LIBRARY & INFORMATION CENTRE, KCAET, TAVANUR

ONLINE PUBLIC ACCESS CATALOGUE (OPAC)

Mathematical methods for engineers and physicists / (Record no. 2418)

MARC details
000 -LEADER
fixed length control field 00497cam a2200181ua 4500
020 ## - INTERNATIONAL STANDARD BOOK NUMBER
ISBN 81-7544-136-4
041 ## - LANGUAGE CODE
Language code of text/sound track or separate title eng
082 ## - DEWEY DECIMAL CLASSIFICATION NUMBER
Classification number 510.10246
Item number ASO/MA
100 ## - MAIN ENTRY--AUTHOR NAME
Personal name Asok kumar, Mukhopadhyay .
245 ## - TITLE STATEMENT
Title Mathematical methods for engineers and physicists /
250 ## - EDITION STATEMENT
Edition statement 1 /
260 ## - PUBLICATION, DISTRIBUTION, ETC. (IMPRINT)
Place of publication :
Name of publisher Wheeler publishing ,
Year of publication 1998.
300 ## - PHYSICAL DESCRIPTION
Number of Pages 729 ; .
942 ## - ADDED ENTRY ELEMENTS (KOHA)
Koha item type Books
Holdings
Withdrawn status Lost status Damaged status Home library Current library Date acquired Full call number Accession Number Koha item type
      KAUAET KAUAET 07/04/2012 510.10246 20114 Books
free website counter